[Event "Asian Continental op 12th"]
[Site "Manila"]
[Date "2013.05.19"]
[Round "2"]
[White "Galindo, Joseph"]
[Black "Nouri, Hamed"]
[Result "0-1"]
[WhiteElo "2081"]
[BlackElo "2368"]
[PlyCount "80"]
[EventDate "2013.05.18"]
[EventType "swiss"]
[EventRounds "9"]
[EventCountry "PHI"]
[SourceTitle "CBM 154 Extra"]
[Source "ChessBase"]
[SourceDate "2013.06.25"]
[SourceVersion "2"]
[SourceVersionDate "2013.06.25"]
[SourceQuality "1"]

1. Nf3 c5 2. c4 Nc6 3. Nc3 g6 4. g3 Bg7 5. Bg2 d6 6. 0-0 Nf6 7. d4 cxd4 8. Nxd4 Nxd4 9. Qxd4 0-0 10. Qh4 Be6 11. Bg5 Qa5 12. Rac1 Rac8 13. b3 Rc5 14. Bd2 Rh5 15. Qf4 Bh6 16. Qd4 Bxd2 17. Qxd2 Bh3 18. Bf3 Bxf1 19. Bxh5 Qxh5 20. Rxf1 Rc8 21. Kg2 a6 22. a4 Qc5 23. Qd3 h5 24. e4 e6 25. Rd1 Rc6 26. h3 Rb6 27. Ne2 Qe5 28. f3 Qb2 29. Rb1 Qa2 30. Kg1 Nd7 31. Nc1 Qa3 32. Qe3 Nc5 33. Qg5 Nxa4 34. Qf6 Qc5+ 35. Kg2 Qe3 36. Qf4 Qe1 37. Ra1 Nc3 38. c5 Rc6 39. b4 Nd1 40. Nb3 Ne3+ 0-1